[Event "EU Union-ch U10"]
[Site "Kouty nad Desnou"]
[Date "2017.08.20"]
[Round "2"]
[White "Oztuksavul, Ida"]
[Black "Musaev, Matej Elbek"]
[Result "0-1"]
[WhiteElo "1370"]
[BlackElo "1687"]
[PlyCount "120"]
[EventDate "2017.08.19"]
[EventType "swiss"]
[EventRounds "9"]
[EventCountry "CZE"]
[SourceTitle "CBM 180 Extra"]
[Source "ChessBase"]
[SourceDate "2017.10.06"]
[SourceVersion "1"]
[SourceVersionDate "2017.10.06"]
[SourceQuality "1"]

1. e4 c5 2. Nf3 d6 3. Bb5+ Bd7 4. Bxd7+ Nxd7 5. 0-0 Ngf6 6. Re1 e6 7. c3 Be7 8. d4 cxd4 9. cxd4 0-0 10. Nc3 Nb6 11. h3 Rc8 12. Bf4 d5 13. e5 Nfd7 14. Rc1 Bb4 15. Qb3 Bxc3 16. Rxc3 Rxc3 17. Qxc3 Qb8 18. Qd3 h6 19. b3 Rc8 20. Qd2 Nf8 21. Nh2 Ng6 22. Ng4 h5 23. Nh2 Rc7 24. Be3 Nd7 25. Rc1 Ne7 26. Qd1 g6 27. Bg5 Nf5 28. g4 Rxc1 29. Qxc1 Nxd4 30. Qd2 Qxe5 31. Qe3 Qxe3 32. fxe3 Ne2+ 33. Kf2 Nc3 34. a3 Ne4+ 35. Ke2 Nxg5 36. h4 Ne4 37. g5 f6 38. gxf6 Ndxf6 39. Nf3 Ng4 40. Nd4 Kf7 41. Kf3 a6 42. b4 e5 43. Nb3 Kf6 44. Na5 b6 45. Nc6 Nd2+ 46. Ke2 Nc4 47. a4 Ngxe3 48. Nb8 a5 49. bxa5 bxa5 50. Nd7+ Ke7 51. Nc5 d4 52. Kd3 Kd6 53. Ne4+ Kc6 54. Nf6 Nb2+ 55. Kd2 Nxa4 56. Nh7 e4 57. Nf8 Nc4+ 58. Ke1 d3 59. Nxg6 Nc3 60. Ne7+ Kd7 0-1